मन उपवन : (Record no. 112949)

MARC details
000 -LEADER
fixed length control field 00967nam a22002537a 4500
005 - DATE AND TIME OF LATEST TRANSACTION
control field 20170124102946.0
010 ## - LIBRARY OF CONGRESS CONTROL NUMBER
LC control number B-074917
020 ## - INTERNATIONAL STANDARD BOOK NUMBER
Terms of availability 125.00
035 ## - SYSTEM CONTROL NUMBER
System control number B-074917
037 ## - SOURCE OF ACQUISITION
Source of stock number/acquisition Cen Lib/Ret
040 ## - CATALOGING SOURCE
Original cataloging agency DPL
Language of cataloging HN
082 ## - DEWEY DECIMAL CLASSIFICATION NUMBER
Classification number 821
Item number लाड़द
100 ## - MAIN ENTRY--PERSONAL NAME
Personal name लाड़, दर्शन
9 (RLIN) 49863
245 ## - TITLE STATEMENT
Title मन उपवन :
Statement of responsibility, etc दर्शन लाड़
Remainder of title गीत मालिका /
246 ## - VARYING FORM OF TITLE
Title proper/short title Man upvan : geet malika /
Remainder of title by Darshan Lad
260 ## - PUBLICATION, DISTRIBUTION, ETC. (IMPRINT)
Place of publication, distribution, etc दिल्ली
Name of publisher, distributor, etc स्वाति अकादमी
Date of publication, distribution, etc 2002
270 ## - ADDRESS
City दिल्ली
Address बी-5/263, यमुना विहार
Postal code 110053
300 ## - PHYSICAL DESCRIPTION
Extent 95पृ.
Dimensions 21सेमी (सजिल्द)
650 ## - SUBJECT ADDED ENTRY--TOPICAL TERM
Topical term or geographic name as entry element हिन्दी -- साहित्य
9 (RLIN) 49864
650 ## - SUBJECT ADDED ENTRY--TOPICAL TERM
Topical term or geographic name as entry element हिन्दी -- गीत
9 (RLIN) 1301
650 ## - SUBJECT ADDED ENTRY--TOPICAL TERM
Topical term or geographic name as entry element Hindi -- literature
9 (RLIN) 49865
650 ## - SUBJECT ADDED ENTRY--TOPICAL TERM
Topical term or geographic name as entry element Hindi - song
9 (RLIN) 43014
942 ## - ADDED ENTRY ELEMENTS (KOHA)
Source of classification or shelving scheme Dewey Decimal Classification
Koha item type Hindi Books
Classification part 821
Call number suffix लाड़द
Holdings
Withdrawn status Lost status Damaged status Not for loan Home library Current library Date acquired Source of acquisition Cost, normal purchase price Total Checkouts Full call number Barcode Date last seen Copy number Cost, replacement price Price effective from Koha item type
        Central Library Central Library 11/08/2015 Cen Lib/Ret 125.00   821 लाड़द B-074917 11/08/2015 1 125.00 11/08/2015 Hindi Books

© Delhi Public Library
Hit Counter
free hit counter